000 00436nam a2200133 a 4500
001 000036322
005 20200930075652.0
008 120113s1989 sp 000 0 spa d
040 _aDO-SdBNP
_bspa
_cBNPHU
100 1 _aDiaz Tejera, Alberto
_941182
245 1 0 _aAyer y hoy de la tragedia :
_bmanifestaciones histórico-literarias de lo trágico /
_cAlberto Diaz Tejera.
260 _aSevilla :
_bAlfar,
_c1989.
300 _a199 p. ;
_c21 cm.
999 _c35813
_d35813